[Event "Superettan(Kamraterna-Kristallen)"]
[Site "?"]
[Date "2018.03.18"]
[Round "9"]
[White "Borvander, Tom"]
[Black "Willinger, Tim"]
[Result "1/2-1/2"]
[WhiteElo "2126"]
[BlackElo "2146"]
[PlyCount "90"]

1. d4 d5 2. c4 c6 3. Nf3 Nf6 4. Nc3 g6 5. Bf4 Bg7 6. e3 O-O 7. h3 Qb6 8. Qb3
Qxb3 9. axb3 Na6 10. Be2 Nb4 11. Ra4 c5 12. dxc5 Ne4 13. Nxe4 dxe4 14. Rxb4
exf3 15. Bxf3 Bxb2 16. O-O Ba3 17. Bxb7 Bxb4 18. Bxa8 Bxc5 19. Bc6 f6 20. Bc7
Be6 21. Rd1 Kf7 22. Rd8 Rxd8 23. Bxd8 Bb6 24. Bxb6 axb6 25. Kf1 Bf5 26. e4 Bc8
27. Ke2 Ke6 28. Kd3 Kd6 29. Be8 e5 30. Bf7 f5 31. f3 f4 32. Bd5 Bd7 33. b4 Ba4
34. Ke2 Bd7 35. Kf2 g5 36. g4 Ba4 37. Bg8 h6 38. Ke2 Be8 39. Bd5 h5 40. Kf2 h4
41. Ke2 Ba4 42. Bf7 Bd7 43. Bd5 Ba4 44. Bf7 Bd7 45. Bd5 Ba4 1/2-1/2

[Event "Superettan(Kamraterna-Kristallen)"]
[Site "?"]
[Date "2018.03.18"]
[Round "9"]
[White "Holming, Patrick"]
[Black "Celander, Jesper"]
[Result "1/2-1/2"]
[WhiteElo "1981"]
[BlackElo "2100"]
[PlyCount "63"]

1. f4 d6 2. Nf3 Bg4 3. e3 Nf6 4. h3 Bc8 5. g4 e5 6. Bg2 e4 7. Nd4 d5 8. c4 c6
9. Nc3 h6 10. cxd5 cxd5 11. d3 exd3 12. Qxd3 Nc6 13. Bd2 Bd7 14. Nc2 Be7 15.
O-O-O Be6 16. f5 Ne5 17. Qd4 Nc6 18. Qd3 Ne5 19. Qf1 Bd7 20. Nxd5 Nxd5 21. Bxd5
Rc8 22. Bc3 Rxc3 23. bxc3 Qc7 24. Qe1 O-O 25. Nd4 Qa5 26. Bb3 Rc8 27. Kb1 Bd6
28. c4 Qa6 29. Qe2 Nxc4 30. Rh2 Bb5 31. Bxc4 Bxc4 32. Qe1 1/2-1/2

[Event "Superettan(Rockaden,Umea-Wasa)"]
[Site "?"]
[Date "2018.03.18"]
[Round "9"]
[White "Bassem, Amin"]
[Black "Nygren, David"]
[Result "1-0"]
[WhiteElo "2693"]
[BlackElo "2266"]
[PlyCount "57"]

1. e4 e6 2. d3 d5 3. Nd2 Nf6 4. Ngf3 b6 5. g3 dxe4 6. dxe4 Bc5 7. Bg2 Ba6 8. c4
Qd3 9. b4 Bxf2+ 10. Kxf2 Ng4+ 11. Ke1 Qc3 12. Rb1 Bxc4 13. Qa4+ Nd7 14. Qa3 Qc2
15. Nd4 Qxa2 16. Qxa2 Bxa2 17. Rb2 Nde5 18. Rxa2 Rd8 19. N2f3 Nd3+ 20. Ke2 Nxb4
21. Rxa7 c5 22. Bd2 e5 23. Nf5 Nc6 24. Rc7 Nd4+ 25. N3xd4 cxd4 26. Nxg7+ Kf8
27. Rf1 Kxg7 28. Rfxf7+ Kg6 29. Rg7+ 1-0

[Event "Superettan(Rockaden,Umea-Wasa)"]
[Site "?"]
[Date "2018.03.18"]
[Round "9"]
[White "Wickstrom, Lucas"]
[Black "Shirov, Alexei"]
[Result "0-1"]
[WhiteElo "2357"]
[BlackElo "2641"]
[PlyCount "62"]

1. d4 Nf6 2. c4 e6 3. Nf3 d5 4. cxd5 exd5 5. Nc3 c6 6. Bg5 h6 7. Bh4 Bf5 8. e3
Nbd7 9. Bd3 Bxd3 10. Qxd3 Be7 11. O-O O-O 12. Rfb1 a5 13. Bxf6 Nxf6 14. Ne5 Nd7
15. Nxd7 Qxd7 16. a4 f5 17. Ne2 Bd6 18. g3 g5 19. f4 Rae8 20. Kf2 Re7 21. Ng1
g4 22. Re1 Rfe8 23. Qb3 Bb4 24. Re2 Re4 25. Rd1 R8e6 26. Rd3 Kg7 27. Rc2 Qe7
28. Ne2 Rxe3 29. Nc1 Re1 30. Kg2 Rxc1 31. Rxc1 Re2+ 0-1

[Event "Superettan(Rockaden,Umea-Wasa)"]
[Site "?"]
[Date "2018.03.18"]
[Round "9"]
[White "Cramling, Pia"]
[Black "Eriksson, Jorgen"]
[Result "1-0"]
[WhiteElo "2449"]
[BlackElo "2209"]
[PlyCount "65"]

1. Nf3 Nf6 2. c4 g6 3. Nc3 Bg7 4. d4 O-O 5. e4 d6 6. h3 Na6 7. Bg5 Qe8 8. Be2
e5 9. d5 Nc5 10. Nd2 a5 11. g4 c6 12. Be3 Nfd7 13. Qc2 Qe7 14. O-O-O a4 15. h4
a3 16. b3 Na6 17. Nf1 Ndc5 18. Ng3 f5 19. gxf5 gxf5 20. Nxf5 Bxf5 21. exf5 e4
22. Rhg1 Nb4 23. Qd2 Qe5 24. Kb1 Ncd3 25. Rg4 Kh8 26. Rxe4 Qxc3 27. Qxc3 Bxc3
28. Bxd3 cxd5 29. Re7 dxc4 30. Bxc4 Rxf5 31. Rxd6 b5 32. Be6 Rf6 33. Rdd7 1-0

[Event "Superettan(Rockaden,Umea-Wasa)"]
[Site "?"]
[Date "2018.03.18"]
[Round "9"]
[White "Malmstig, Erik"]
[Black "Bellon Lopez, Juan"]
[Result "1-0"]
[WhiteElo "2309"]
[BlackElo "2334"]
[PlyCount "93"]

1. Nf3 c5 2. c4 Nc6 3. e3 e5 4. Nc3 Nf6 5. d4 cxd4 6. exd4 e4 7. Ng5 Bb4 8. d5
Ne5 9. Qc2 O-O 10. Bd2 Re8 11. O-O-O Neg4 12. Ncxe4 Bxd2+ 13. Rxd2 Nxe4 14.
Nxe4 d6 15. h3 Qh4 16. Bd3 Bf5 17. Nxd6 Bxd3 18. Qxd3 Nxf2 19. Rxf2 Qh6+ 20.
Kb1 Qxd6 21. Re2 Rxe2 22. Qxe2 b5 23. cxb5 Qxd5 24. Rd1 Qc5 25. Qe4 Rc8 26. a4
h6 27. Ka2 g6 28. Rd7 Qf2 29. Qf3 Qxf3 30. gxf3 Ra8 31. Kb3 Kg7 32. Kc4 Kf6 33.
Kd5 g5 34. Rd6+ Ke7 35. Rxh6 Rd8+ 36. Ke4 f6 37. Rh7+ Ke6 38. Rxa7 f5+ 39. Ke3
Kd5 40. Rc7 f4+ 41. Kd3 Ra8 42. Rc4 Rh8 43. b4 Rxh3 44. Rc5+ Ke6 45. Ke4 g4 46.
fxg4 Rb3 47. Re5+ 1-0

[Event "Superettan(Rockaden,Umea-Wasa)"]
[Site "?"]
[Date "2018.03.18"]
[Round "9"]
[White "Wedberg, Tom"]
[Black "Larsson, Johan"]
[Result "1-0"]
[WhiteElo "2445"]
[BlackElo "2193"]
[PlyCount "73"]

1. e4 c5 2. Nf3 Nc6 3. d4 cxd4 4. Nxd4 Nf6 5. Nc3 e5 6. Ndb5 d6 7. Nd5 Nxd5 8.
exd5 Nb8 9. c4 a6 10. Nc3 Be7 11. Bd3 O-O 12. O-O f5 13. f4 Bf6 14. g3 e4 15.
Be2 b5 16. Be3 bxc4 17. Bxc4 Nd7 18. Rc1 Qa5 19. Qd2 Bxc3 20. Rxc3 Nf6 21. Rb3
Qxd2 22. Bxd2 Rf7 23. Rb6 Ne8 24. b3 Rb7 25. Rxa6 Rba7 26. Rxa7 Rxa7 27. a4 Bb7
28. Rd1 Kf8 29. Bc3 Ba6 30. Bxa6 Rxa6 31. a5 Nc7 32. b4 Ra8 33. Kf2 Rb8 34. Be1
Rb5 35. Rc1 Nxd5 36. Rc8+ Ke7 37. a6 1-0

[Event "Superettan(Rockaden,Umea-Wasa)"]
[Site "?"]
[Date "2018.03.18"]
[Round "9"]
[White "Johansson, David"]
[Black "Moreau, Teodor"]
[Result "0-1"]
[WhiteElo "2104"]
[BlackElo "2313"]
[PlyCount "52"]

1. e4 c5 2. c3 e6 3. d4 d5 4. e5 Nc6 5. Nf3 Bd7 6. a3 a6 7. b4 cxd4 8. cxd4 Nh6
9. Nbd2 f6 10. exf6 gxf6 11. Bd3 Nf7 12. O-O Bd6 13. Re1 O-O 14. Bb2 Ne7 15. h4
Kh8 16. Nh2 Nf5 17. Qh5 N7h6 18. Nb3 b6 19. Bc1 Qe8 20. Qe2 Rg8 21. Nf3 Qg6 22.
Qf1 Qg4 23. Be2 Nxh4 24. Nxh4 Qxh4 25. f4 Nf5 26. Qf3 Qxe1+ 0-1

[Event "Superettan(Rockaden,Umea-Wasa)"]
[Site "?"]
[Date "2018.03.18"]
[Round "9"]
[White "Wessman, Richard"]
[Black "Mardell, Jimmy"]
[Result "1/2-1/2"]
[WhiteElo "2424"]
[BlackElo "2139"]
[PlyCount "83"]

1. d4 Nf6 2. Nf3 e6 3. g3 b6 4. Bg2 Bb7 5. O-O Be7 6. c4 O-O 7. d5 exd5 8. Nh4
d6 9. cxd5 Nbd7 10. Nf5 Re8 11. Nc3 Bf8 12. e4 Nc5 13. Re1 a5 14. f3 Ba6 15.
Bf1 Qc8 16. Bb5 Bxb5 17. Nxb5 Re5 18. g4 Qd7 19. Nbd4 g6 20. Ng3 Bg7 21. Nc6
Ree8 22. Kg2 Qc8 23. Be3 Nfd7 24. Bd4 Ne5 25. Nxe5 Bxe5 26. Bxe5 dxe5 27. Qd2
Kg7 28. h4 Qd8 29. Rad1 Qf6 30. g5 Qd6 31. h5 Rad8 32. Qc3 f6 33. Qe3 Qe7 34.
gxf6+ Qxf6 35. Rh1 Qf4 36. Qxf4 exf4 37. Ne2 g5 38. Nd4 Rg8 39. Rc1 g4 40. Nb3
Nd3 41. Rxc7+ Kf6 42. Rc6+ 1/2-1/2

[Event "Superettan(Rockaden,Umea-Wasa)"]
[Site "?"]
[Date "2018.03.18"]
[Round "9"]
[White "Mardell, Jonas"]
[Black "Astrom, Goran"]
[Result "0-1"]
[WhiteElo "2038"]
[BlackElo "2236"]
[PlyCount "59"]

1. e4 c5 2. c3 d5 3. exd5 Qxd5 4. d4 e6 5. Nf3 Nf6 6. Be2 cxd4 7. cxd4 Nc6 8.
O-O Be7 9. Nc3 Qd6 10. a3 O-O 11. Qd3 a6 12. Bg5 Rd8 13. Rad1 b5 14. Rfe1 Bb7
15. Qb1 Na5 16. Ne5 Nb3 17. Bf3 Bxf3 18. Nxf3 h6 19. Ne4 Nxe4 20. Bxe7 Qxe7 21.
Qxe4 Qd6 22. h3 Rac8 23. Re3 Na5 24. Red3 Nc4 25. Qe2 Qd5 26. Ne5 Nd6 27. Qg4
Rc2 28. Rg3 Nf5 29. Rf3 Nxd4 30. Qh5 0-1

[Event "Superettan(Burgsvik-Vaxjo)"]
[Site "?"]
[Date "2018.03.18"]
[Round "9"]
[White "Krupenski, Juri"]
[Black "Shkuran, Danylo"]
[Result "1/2-1/2"]
[WhiteElo "2404"]
[BlackElo "2397"]
[PlyCount "87"]

1. e4 c5 2. c3 d5 3. exd5 Qxd5 4. d4 Nf6 5. Nf3 e6 6. Na3 Qd8 7. Nc2 Be7 8. Bd3
O-O 9. O-O Nbd7 10. Bf4 b6 11. Qe2 Bb7 12. Rad1 Qc8 13. h3 a6 14. c4 Re8 15.
Ne5 cxd4 16. Nxd4 Nxe5 17. Bxe5 Nd7 18. Bg3 Bf6 19. Bb1 Nf8 20. b3 Rd8 21. Be5
Bxe5 22. Qxe5 Ng6 23. Qe3 Qc5 24. Be4 Bxe4 25. Qxe4 Rac8 26. Nc2 Qa5 27. Rd3
Rxd3 28. Qxd3 b5 29. cxb5 axb5 30. Nd4 b4 31. Ra1 Qa3 32. Qe2 Nf4 33. Qd2 Nd5
34. Nb5 Qa6 35. Rc1 Rxc1+ 36. Qxc1 g6 37. a4 bxa3 38. Nxa3 Qd3 39. Qc8+ Kg7 40.
Qc2 Qd4 41. Nc4 e5 42. Qd2 Qxd2 43. Nxd2 f5 44. f3 1/2-1/2

[Event "Superettan(Burgsvik-Vaxjo)"]
[Site "?"]
[Date "2018.03.18"]
[Round "9"]
[White "Solodovnichenko, Yuri"]
[Black "Persson, Mats"]
[Result "1-0"]
[WhiteElo "2571"]
[BlackElo "2299"]
[PlyCount "59"]

1. e4 e5 2. Nf3 d6 3. d4 exd4 4. Qxd4 a6 5. Bf4 Nc6 6. Qe3 Nf6 7. Nc3 Be7 8. h3
O-O 9. O-O-O Nd7 10. Nd5 Bf6 11. g4 Re8 12. g5 Be5 13. Bxe5 Ndxe5 14. Nxe5 Nxe5
15. f4 Nd7 16. Qg3 c6 17. Nc3 Nc5 18. Bg2 b5 19. e5 d5 20. Ne2 Bf5 21. Nd4 Qc8
22. h4 Be4 23. Bh3 Ne6 24. Rhe1 c5 25. Ne2 b4 26. f5 Nd4 27. g6 Nxe2+ 28. Rxe2
fxg6 29. f6 Bf5 30. Bxf5 1-0

[Event "Superettan(Burgsvik-Vaxjo)"]
[Site "?"]
[Date "2018.03.18"]
[Round "9"]
[White "Andersson, Tommy"]
[Black "Rydstrom, Tom"]
[Result "1-0"]
[WhiteElo "2396"]
[BlackElo "2365"]
[PlyCount "161"]

1. d4 g6 2. c4 Bg7 3. Nc3 d6 4. e4 e5 5. d5 Nd7 6. Be3 Ne7 7. g4 O-O 8. Qd2 f5
9. f3 a5 10. O-O-O Nc5 11. g5 b6 12. Qg2 Bd7 13. h4 Be8 14. Nge2 Rb8 15. Nb5
Nc8 16. Nec3 Rb7 17. Qc2 Na7 18. h5 Nxb5 19. cxb5 Rb8 20. h6 Bh8 21. Rg1 Qe7
22. a3 Ra8 23. b4 Nb7 24. Kb2 Nd8 25. Bd3 f4 26. Bc1 Nf7 27. Qg2 Bd7 28. bxa5
Rxa5 29. a4 Rfa8 30. Kb3 Nd8 31. Ba3 Nb7 32. Bb4 R5a7 33. Ra1 Qf7 34. Kb2 Qe7
35. Qc2 Nd8 36. Bc4 Nf7 37. Qg2 Nd8 38. Bb3 Nb7 39. Rac1 Nd8 40. Rc2 Be8 41.
Bc4 Nf7 42. Kb3 Bd7 43. Kb2 Qd8 44. Bb3 Qe8 45. Na2 Qe7 46. Be1 Nd8 47. Nb4 Kf8
48. Qe2 Be8 49. Na6 Nf7 50. Qg2 Rc8 51. Bf2 Rb7 52. Rc3 Kg8 53. Qh3 Bd7 54. Qg2
Be8 55. Bh4 Bd7 56. Qf2 Qd8 57. Rgc1 Nxg5 58. Bxg5 Qxg5 59. Nxc7 Qe7 60. Ne6
Rxc3 61. Rxc3 Bf6 62. Rc6 Bh4 63. Qg1 Kf7 64. Rxb6 Rxb6 65. Qxb6 Bxe6 66. dxe6+
Kf6 67. Bd5 g5 68. a5 g4 69. a6 gxf3 70. a7 f2 71. Bc4 d5 72. a8=Q Qb4+ 73. Bb3
Qd2+ 74. Ka3 Qc1+ 75. Kb4 Qe1+ 76. Kc5 Qe3+ 77. Kc6 Qxb6+ 78. Kxb6 f1=Q 79.
Qd8+ Kg6 80. Qxh4 Qg1+ 81. Kb7 1-0

[Event "Superettan(Burgsvik-Vaxjo)"]
[Site "?"]
[Date "2018.03.18"]
[Round "9"]
[White "Lindberg, Bengt"]
[Black "Larsson, Victor"]
[Result "1-0"]
[WhiteElo "2387"]
[BlackElo "2180"]
[PlyCount "83"]

1. e4 c5 2. Nf3 Nc6 3. d4 cxd4 4. Nxd4 g6 5. c4 Nf6 6. Nc3 d6 7. Nc2 Bg7 8. Be2
Nd7 9. Bd2 a5 10. O-O O-O 11. Ne3 Nc5 12. f3 Nd4 13. Kh1 Bd7 14. b3 Bc6 15. Rc1
f5 16. exf5 gxf5 17. Re1 Be5 18. Nf1 Rf7 19. Be3 Nde6 20. Nd5 Rg7 21. f4 Bxf4
22. Bxf4 Nxf4 23. Nxf4 Ne4 24. Nd3 Rxg2 25. Bf3 Rg7 26. Nd2 e5 27. Nxe4 fxe4
28. Bxe4 Bxe4+ 29. Rxe4 Qg5 30. Qe2 Kh8 31. Rf1 Rag8 32. Qf2 Qg6 33. Re3 Qe8
34. Rg3 Qc6+ 35. Kg1 Rxg3+ 36. hxg3 Qe4 37. Qf6+ Rg7 38. Rf3 Qe2 39. Nf2 e4 40.
Qd8+ Rg8 41. Rf8 Rxf8 42. Qxf8# 1-0

[Event "Superettan(Burgsvik-Vaxjo)"]
[Site "?"]
[Date "2018.03.18"]
[Round "9"]
[White "Vovk, Ilja"]
[Black "Sevastianov, Andrii"]
[Result "1-0"]
[WhiteElo "2281"]
[BlackElo "2126"]
[PlyCount "55"]

1. d4 d5 2. Bf4 Nf6 3. e3 e6 4. Nf3 Bd6 5. Bg3 O-O 6. Bd3 b6 7. Nbd2 c5 8. c3
Ba6 9. Bc2 cxd4 10. exd4 Nc6 11. Ne5 Qc7 12. f4 Ne7 13. Kf2 Nf5 14. Re1 Ne8 15.
Ndf3 Nxg3 16. hxg3 f5 17. Ng5 Bc8 18. Nxh7 Kxh7 19. Qh5+ Kg8 20. Rh1 Bxe5 21.
fxe5 Nf6 22. exf6 Rxf6 23. Qe8+ Rf8 24. Rh8+ Kxh8 25. Qxf8+ Kh7 26. Ba4 b5 27.
Bxb5 Bd7 28. Qf7 1-0

[Event "Superettan(Burgsvik-Vaxjo)"]
[Site "?"]
[Date "2018.03.18"]
[Round "9"]
[White "Lindahl, Emil"]
[Black "Linusson, Pelle"]
[Result "1/2-1/2"]
[WhiteElo "2177"]
[BlackElo "2228"]
[PlyCount "68"]

1. d4 Nf6 2. Bg5 c5 3. d5 Qb6 4. Nc3 Qxb2 5. Bd2 Qb6 6. e4 e5 7. Rb1 Qd8 8. f4
d6 9. Nf3 Nbd7 10. Bd3 Be7 11. O-O O-O 12. Kh1 exf4 13. Bxf4 Ng4 14. Nb5 Nge5
15. Bxe5 Nxe5 16. Nxe5 dxe5 17. d6 Bxd6 18. Bc4 Be7 19. Qxd8 Bxd8 20. Rxf7 Rxf7
21. Nd6 Kf8 22. Bxf7 b6 23. Bd5 Rb8 24. Nxc8 Rxc8 25. Kg1 Bg5 26. Rf1+ Bf6 27.
c4 Ke7 28. Kf2 Rb8 29. a4 h5 30. Ke2 h4 31. Rb1 Kd6 32. a5 Kc7 33. a6 Rf8 34.
Rf1 Be7 1/2-1/2

[Event "Superettan(Burgsvik-Vaxjo)"]
[Site "?"]
[Date "2018.03.18"]
[Round "9"]
[White "Andersson, Bjorn"]
[Black "Olofsson-Dolk, Mattis"]
[Result "1/2-1/2"]
[WhiteElo "2180"]
[BlackElo "2173"]
[PlyCount "144"]

1. e4 e5 2. Nf3 Nc6 3. Bb5 a6 4. Ba4 Nf6 5. Qe2 b5 6. Bb3 Be7 7. c3 O-O 8. O-O
d5 9. d3 Re8 10. Rd1 Bb7 11. Nbd2 Bf8 12. Nf1 Na5 13. Bc2 c5 14. Bg5 d4 15. Ng3
h6 16. Bd2 Bc8 17. h3 Qb6 18. Nh2 Be6 19. Ng4 Nxg4 20. hxg4 Be7 21. Nf5 Bg5 22.
g3 Bxd2 23. Rxd2 Bxf5 24. gxf5 dxc3 25. bxc3 Red8 26. Rad1 Rd7 27. Kg2 Rad8 28.
Qe3 b4 29. cxb4 Qxb4 30. Rb1 Nc4 31. Rxb4 Nxe3+ 32. fxe3 cxb4 33. Kf2 Kf8 34.
Ke2 Ke7 35. Bb3 Kf6 36. Bd5 Rc7 37. Bb3 Kg5 38. d4 exd4 39. exd4 Rc3 40. Kf2
Kg4 41. Bd1+ Kh3 42. g4 Kh4 43. e5 Rh3 44. Be2 h5 45. d5 hxg4 46. Rd4 Kg5 47.
Bxg4 Rh2+ 48. Kg3 Rxa2 49. d6 Ra3+ 50. Kf2 Ra5 51. e6 fxe6 52. fxe6 Rxd6 53.
Rxd6 Kxg4 54. Rd4+ Kf5 55. e7 Re5 56. Rd5 Rxd5 57. e8=Q a5 58. Qf7+ Ke4 59.
Qxg7 Kd3 60. Qf7 Rc5 61. Qd7+ Kc2 62. Ke3 Rc3+ 63. Ke2 Kb2 64. Qb5 Rc2+ 65. Kd3
b3 66. Qxa5 Kb1 67. Qa4 Kb2 68. Kd4 Rc1 69. Kd3 Rc3+ 70. Kd4 Rc1 71. Kd3 Rc3+
72. Kd4 Rc1 1/2-1/2

[Event "Superettan(Burgsvik-Vaxjo)"]
[Site "?"]
[Date "2018.03.18"]
[Round "9"]
[White "Nereltjak, Nedzad"]
[Black "Packalen, Marcus"]
[Result "1/2-1/2"]
[WhiteElo "2074"]
[BlackElo "2122"]
[PlyCount "139"]

1. e4 b6 2. d4 Bb7 3. Bd3 e6 4. Nf3 g6 5. Bg5 f6 6. Be3 d6 7. h4 h6 8. Nc3 Bg7
9. Ne2 Nd7 10. c3 Nf8 11. Qc2 Qd7 12. a4 a6 13. c4 c5 14. a5 e5 15. d5 b5 16.
b4 cxb4 17. cxb5 axb5 18. O-O f5 19. Bb6 Nf6 20. exf5 Bxd5 21. fxg6 e4 22. Ned4
exd3 23. Rfe1+ Ne6 24. Qxd3 O-O 25. Qxb5 Qxb5 26. Nxb5 Bxf3 27. Rxe6 Nd5 28.
Rb1 Nxb6 29. axb6 Bg4 30. Rxd6 b3 31. f3 Ra2 32. b7 Bf5 33. Rxb3 Be5 34. Rc6
Bg3 35. Rc1 Rb8 36. Nc3 Ra7 37. Ne4 Bxe4 38. fxe4 Bf4 39. Rc8+ Kg7 40. Rxb8
Bxb8 41. h5 Ra4 42. e5 Re4 43. Rd3 Ba7+ 44. Kh2 Rxe5 45. Rd7+ Kg8 46. g4 Rb5
47. Kg3 Bb8+ 48. Kf3 Bh2 49. Ke4 Re5+ 50. Kd4 Rg5 51. Rd5 Rxg4+ 52. Kc5 Rg5 53.
Kc6 Rxd5 54. Kxd5 Kg7 55. Ke6 Bg3 56. Kd7 Bh2 57. Kc8 Bg3 58. b8=Q Bxb8 59.
Kxb8 Kg8 60. Kc7 Kg7 61. Kd7 Kg8 62. Ke6 Kg7 63. Ke7 Kg8 64. Kf6 Kh8 65. Kf5
Kg8 66. Ke6 Kg7 67. Ke7 Kg8 68. Kf6 Kh8 69. g7+ Kg8 70. Kg6 1/2-1/2